The Ultimate Power Query Cookbook for Power BI and Excel: Leveraging Power Query for Collecting, Combining and transforming your data (Record no. 46519)

MARC details
000 -LEADER
fixed length control field 00545nam a22001697a 4500
005 - DATE AND TIME OF LATEST TRANSACTION
control field 20260114184552.0
008 - FIXED-LENGTH DATA ELEMENTS--GENERAL INFORMATION
fixed length control field 260114b |||||||| |||| 00| 0 eng d
020 ## - INTERNATIONAL STANDARD BOOK NUMBER
International Standard Book Number 9789355517395
041 ## - LANGUAGE CODE
Language code of text/sound track or separate title Eng
082 ## - DEWEY DECIMAL CLASSIFICATION NUMBER
Classification number 005.54 RAI
100 ## - MAIN ENTRY--PERSONAL NAME
Author Raimato,Dominick
245 ## - TITLE STATEMENT
Title The Ultimate Power Query Cookbook for Power BI and Excel: Leveraging Power Query for Collecting, Combining and transforming your data
260 ## - PUBLICATION, DISTRIBUTION, ETC.
Place New Dehli
Publisher BPB Publications
Publication Year 2024
300 ## - PHYSICAL DESCRIPTION
Extent 377;. P. 23 cm
650 ## - SUBJECT ADDED ENTRY--TOPICAL TERM
Subject Microsoft Excel,Data Processing
942 ## - ADDED ENTRY ELEMENTS (KOHA)
Koha item type Books
Holdings
Withdrawn status Lost status Source of classification or shelving scheme Damaged status Not for loan Home library Current library Shelving location Accession Date Vendor Price Bill number Total Checkouts Full call number Barcode No Date due Date last seen Date last checked out Bill Date Koha item type Suggested By
    Dewey Decimal Classification     IMTN IMTN Rack 3-A 01/14/2026 Amazon 604.00 QSJW-22454 1 005.54 RAI 33966 05/16/2026 01/16/2026 01/16/2026 12/26/2025 Books Faculty Purchase by Dr. Senthil Kumar
Designed & Maintained by: LRC IMT Nagpur Contact: lrc@imtnag.ac.in© 2024. All Rights Reserved.